01264 a2200205 45000010006000000050017000060080041000230030015000640400040000790800073001192450106001920200022002982640028003203000023003485050543003710410008009141000018009227000020009408560098009606277020260407155921.0260407a2004 arg spa dAR-UNSa-BCEJYS aAR-UNSa-BCEJYSbspacAR-UNSa-BCEJYS a657:006.3xNormas Internacionales de Información Financiera (NIIF)10aLas normas internacionales de información financiera (NIIF)pNormas internacionales de contabilidad a978-84-9732-327-7 1aMadrid :bThomsonc2004 axv, 336 p.c24 cm. a1. Introducción - 2. Fuentes normativas, procedimientos y alcance de las normas - 3. El marco conceptual - 4. Los estados financieros. Su preparación y presentación - 5. Operaciones relacionadas con elementos patrimoniales activos, pasivos y con los resultados del ejercicio - 6. Información financiera derivada de situaciones especiales - 7. El tratamiento del impuesto sobre beneficios - 8. Otra información a revelar - 9. Los grupos de empresas. Combinaciones de negocios y consolidación de la información financiera -  aspa1 aMallo, Carlos1 aPulido, Antonio41uhttp://www.biblioeco.unsa.edu.ar/pmb/images/libros/L129365.jpgyImagen de portadaqimage/jpeg